[Event "FIN-chT 0809"]
[Site "Finland"]
[Date "2008.10.05"]
[Round "4.4"]
[White "Lahtinen, Markku"]
[Black "Pihlajasalo, Hannu"]
[Result "1/2-1/2"]
[WhiteElo "2279"]
[BlackElo "2248"]
[PlyCount "72"]
[EventDate "2008.09.06"]
[EventType "team-tourn"]
[EventRounds "9"]
[EventCountry "FIN"]
[SourceTitle "EXT 2022"]
[Source "ChessBase"]
[SourceDate "2021.10.06"]
[SourceVersion "1"]
[SourceVersionDate "2021.10.06"]
[SourceQuality "1"]
[WhiteTeam "Joensuu SK"]
[BlackTeam "Salo SK"]
[WhiteTeamCountry "FIN"]
[BlackTeamCountry "FIN"]

1. Nf3 Nf6 2. c4 g6 3. g3 Bg7 4. Bg2 0-0 5. 0-0 d6 6. d4 c6 7. Nc3 Qb6 8. h3 Qa6 9. b3 b5 10. Bg5 bxc4 11. bxc4 Qxc4 12. Rc1 h6 13. Bd2 Qa6 14. e4 Nbd7 15. e5 Nd5 16. exd6 Nxc3 17. Rxc3 exd6 18. Qc1 Bb7 19. Ra3 Qb6 20. Bxh6 Nf6 21. Bxg7 Kxg7 22. Qf4 c5 23. Rb3 Qa6 24. dxc5 dxc5 25. Ng5 Bxg2 26. Kxg2 Qxa2 27. Rf3 Nh7 28. Qe5+ Kg8 29. Nxh7 Kxh7 30. Rf4 f6 31. Rxf6 Rxf6 32. Qxf6 Qd5+ 33. Kh2 Qf5 34. Qh4+ Kg8 35. Qc4+ Kh8 36. Qh4+ Kg8 1/2-1/2

[Event "FIN-chT 0607"]
[Site "Finland"]
[Date "2007.03.10"]
[Round "8.5"]
[White "Nevanlinna, Risto"]
[Black "Lahtinen, Markku"]
[Result "1/2-1/2"]
[WhiteElo "2314"]
[BlackElo "2257"]
[PlyCount "111"]
[EventDate "2006.09.14"]
[EventType "team-tourn"]
[EventRounds "9"]
[EventCountry "FIN"]
[SourceTitle "EXT 2022"]
[Source "ChessBase"]
[SourceDate "2021.10.06"]
[SourceVersion "1"]
[SourceVersionDate "2021.10.06"]
[SourceQuality "1"]
[WhiteTeam "Jyvaskyla JyS"]
[BlackTeam "Joensuu SK"]
[WhiteTeamCountry "FIN"]
[BlackTeamCountry "FIN"]

1. d4 f5 2. g3 Nf6 3. Bg2 e6 4. Nf3 d5 5. 0-0 Bd6 6. c4 c6 7. b3 Qe7 8. a4 a5 9. Ba3 Bxa3 10. Nxa3 Nbd7 11. cxd5 exd5 12. Nc2 0-0 13. e3 b6 14. Qc1 Ba6 15. Re1 Ne4 16. Qa3 Qe6 17. b4 Bc4 18. Qb2 axb4 19. Qxb4 Bd3 20. Rec1 c5 21. dxc5 bxc5 22. Qa3 Ba6 23. Nce1 Nb6 24. Rd1 Be2 25. Rdb1 Rxa4 26. Qb2 Rxa1 27. Rxa1 Bxf3 28. Nxf3 Nc4 29. Qb7 h6 30. Nh4 Ncd6 31. Qb6 Rc8 32. Bh3 Qf6 33. Bf1 g6 34. Bg2 c4 35. Nf3 c3 36. Nd4 Kh7 37. Qa5 Qf7 38. Rc1 Nc4 39. Qa6 Rb8 40. h4 Nc5 41. Qc6 Ne4 42. h5 g5 43. Nxf5 Rb6 44. Bxe4 Rxc6 45. Nd6+ dxe4 46. Nxf7 Nb2 47. Rc2 Nd3 48. Nd8 Nb4 49. Nxc6 Nxc2 50. Kf1 g4 51. Ke2 Kg7 52. Ne7 Nb4 53. Nf5+ Kf6 54. Nxh6 Nd3 55. Kd1 Nxf2+ 56. Kc2 1/2-1/2

[Event "FIN-chT 0607"]
[Site "Finland"]
[Date "2007.01.13"]
[Round "6.7"]
[White "Sisatto, Olli"]
[Black "Lahtinen, Markku"]
[Result "1/2-1/2"]
[WhiteElo "2267"]
[BlackElo "2257"]
[PlyCount "35"]
[EventDate "2006.09.14"]
[EventType "team-tourn"]
[EventRounds "9"]
[EventCountry "FIN"]
[SourceTitle "EXT 2022"]
[Source "ChessBase"]
[SourceDate "2021.10.06"]
[SourceVersion "1"]
[SourceVersionDate "2021.10.06"]
[SourceQuality "1"]
[WhiteTeam "Tampere OpusCapita"]
[BlackTeam "Joensuu SK"]
[WhiteTeamCountry "FIN"]
[BlackTeamCountry "FIN"]

1. d4 Nf6 2. Bg5 d6 3. Bxf6 exf6 4. g3 g6 5. Bg2 Bg7 6. e3 c6 7. c4 h5 8. h4 Na6 9. Nc3 Bg4 10. Qb3 Rb8 11. Qa3 Qb6 12. Nge2 0-0 13. 0-0 Rbd8 14. Rab1 Bf5 15. Be4 Be6 16. d5 Bh3 17. Bg2 Bxg2 18. Kxg2 1/2-1/2

[Event "FIN-chT 0506"]
[Site "Finland"]
[Date "2005.10.09"]
[Round "4.6"]
[White "Lahtinen, Markku"]
[Black "Vihinen, Teemu"]
[Result "1/2-1/2"]
[WhiteElo "2285"]
[BlackElo "2205"]
[PlyCount "63"]
[EventDate "2005.09.10"]
[EventType "team-tourn"]
[EventRounds "9"]
[EventCountry "FIN"]
[SourceTitle "EXT 2022"]
[Source "ChessBase"]
[SourceDate "2021.10.06"]
[SourceVersion "1"]
[SourceVersionDate "2021.10.06"]
[SourceQuality "1"]
[WhiteTeam "Joensuu SK"]
[BlackTeam "Vantaa EtVaS"]
[WhiteTeamCountry "FIN"]
[BlackTeamCountry "FIN"]

1. e4 e6 2. d3 d5 3. Nd2 c5 4. Ngf3 Nc6 5. g3 g6 6. Bg2 Bg7 7. 0-0 Nf6 8. exd5 Nxd5 9. Nb3 Qd6 10. d4 cxd4 11. Nfxd4 Nxd4 12. Nxd4 0-0 13. Nb3 Qc7 14. Qe2 b6 15. Rd1 Bb7 16. c3 Rac8 17. Bd2 Rfe8 18. Rac1 Nf6 19. Bg5 Bxg2 20. Kxg2 h6 21. Be3 Nd5 22. Bd2 Qc4 23. Qxc4 Rxc4 24. Be1 Rec8 25. Nd2 R4c6 26. Nf3 b5 27. Nd4 Bxd4 28. Rxd4 Nb6 29. Rcd1 Nc4 30. Rd8+ Rxd8 31. Rxd8+ Kg7 32. b3 1/2-1/2

[Event "FIN-chT 0304"]
[Site "Finland"]
[Date "2003.11.16"]
[Round "5.4"]
[White "Kauko, Jussi Matti"]
[Black "Lahtinen, Markku"]
[Result "1-0"]
[WhiteElo "2254"]
[BlackElo "2290"]
[PlyCount "59"]
[EventDate "2003.09.06"]
[EventType "team-tourn"]
[EventRounds "9"]
[EventCountry "FIN"]
[SourceTitle "EXT 2022"]
[Source "ChessBase"]
[SourceDate "2021.10.06"]
[SourceVersion "1"]
[SourceVersionDate "2021.10.06"]
[SourceQuality "1"]
[WhiteTeam "Vammala SK"]
[BlackTeam "Joensuu SK"]
[WhiteTeamCountry "FIN"]
[BlackTeamCountry "FIN"]

1. c4 c6 2. g3 Nf6 3. Bg2 d5 4. Nf3 Bg4 5. Ne5 Bf5 6. cxd5 cxd5 7. Nc3 e6 8. g4 Bg6 9. h4 Qc7 10. d4 h6 11. Nxg6 fxg6 12. Qd3 Kf7 13. g5 hxg5 14. Bxg5 Bb4 15. Rc1 Nc6 16. 0-0 Bxc3 17. bxc3 Qd7 18. c4 Rac8 19. Rfd1 Ne7 20. cxd5 exd5 21. Bh3 Nf5 22. Rxc8 Rxc8 23. f3 Qa4 24. h5 Nxh5 25. Bxf5 gxf5 26. Qxf5+ Nf6 27. Rb1 Qxd4+ 28. e3 Qc5 29. Bxf6 Qxe3+ 30. Kg2 1-0

[Event "FIN-chT 0304"]
[Site "Finland"]
[Date "2003.10.25"]
[Round "3.4"]
[White "Lahtinen, Markku"]
[Black "Kokkila, Tero"]
[Result "1-0"]
[WhiteElo "2290"]
[BlackElo "2305"]
[PlyCount "83"]
[EventDate "2003.09.06"]
[EventType "team-tourn"]
[EventRounds "9"]
[EventCountry "FIN"]
[SourceTitle "EXT 2022"]
[Source "ChessBase"]
[SourceDate "2021.10.06"]
[SourceVersion "1"]
[SourceVersionDate "2021.10.06"]
[SourceQuality "1"]
[WhiteTeam "Joensuu SK"]
[BlackTeam "Vantaa EtVaS"]
[WhiteTeamCountry "FIN"]
[BlackTeamCountry "FIN"]

1. e4 e6 2. Nc3 d5 3. Nf3 dxe4 4. Nxe4 Nd7 5. d4 Ngf6 6. Bd3 Nxe4 7. Bxe4 Nf6 8. Bd3 c5 9. 0-0 cxd4 10. Nxd4 Be7 11. c3 0-0 12. Re1 a6 13. Bf4 Nd5 14. Be5 g6 15. Bg3 Bf6 16. Nf3 b5 17. h4 b4 18. c4 Ne7 19. Be5 Nc6 20. Bxf6 Qxf6 21. Be4 Bb7 22. Qd7 Rab8 23. Bxc6 Rfd8 24. Qc7 Rdc8 25. Qxb7 Rxb7 26. Bxb7 Rxc4 27. Bxa6 Rc2 28. b3 Qb2 29. Reb1 Qa3 30. Bc4 Qa7 31. Rf1 Kg7 32. Ne1 Rd2 33. Nd3 Qe7 34. g3 e5 35. Rfe1 e4 36. Nf4 Qe5 37. Rad1 Rxa2 38. Rd7 Kh6 39. Rxf7 Qd4 40. Ne6 Qd2 41. Kf1 e3 42. Ng5 1-0

[Event "EU-Cup 18th"]
[Site "Kallithea"]
[Date "2002.09.23"]
[Round "2.4"]
[White "Mehmeti, Dritan"]
[Black "Lahtinen, Markku"]
[Result "1-0"]
[WhiteElo "2302"]
[BlackElo "2287"]
[PlyCount "119"]
[EventDate "2002.09.22"]
[EventType "team-swiss"]
[EventRounds "7"]
[EventCountry "GRE"]
[SourceTitle "CBM 092"]
[Source "ChessBase"]
[SourceDate "2003.02.06"]
[SourceVersion "1"]
[SourceVersionDate "2003.02.06"]
[SourceQuality "1"]
[WhiteTeam "Tirana Studenti"]
[BlackTeam "Joensuu SK"]
[WhiteTeamCountry "ALB"]
[BlackTeamCountry "FIN"]

1. d4 c5 2. d5 e6 3. c4 Nf6 4. Nc3 exd5 5. cxd5 d6 6. e4 g6 7. Nf3 Bg7 8. Be2 0-0 9. 0-0 a6 10. a4 Bg4 11. Nd2 Bxe2 12. Qxe2 Nbd7 13. Nc4 Nb6 14. Ne3 Re8 15. a5 Nc8 16. f3 Na7 17. Nc4 Rb8 18. Bf4 Nc8 19. Qd2 Nh5 20. Bg5 Qd7 21. g4 Nf6 22. Qf4 Qe7 23. Rfe1 h6 24. Bxh6 Nd7 25. Bxg7 Kxg7 26. Na4 f6 27. h4 Ne5 28. Nxe5 fxe5 29. Qg5 Na7 30. Nc3 Ra8 31. Qxe7+ Rxe7 32. Kg2 Nb5 33. Nxb5 axb5 34. b4 c4 35. Rec1 Ra6 36. Kf2 Re8 37. Kg3 Rf8 38. Rf1 Rf4 39. Kf2 Ra8 40. Ke3 Kh6 41. Ra3 Ra6 42. Ra2 Kg7 43. Ra3 Kh6 44. Raa1 Kg7 45. g5 Rxh4 46. Rh1 Rxh1 47. Rxh1 Ra8 48. Ra1 Kf7 49. f4 exf4+ 50. Kxf4 Ke7 51. Rh1 Rf8+ 52. Ke3 Rf7 53. Rh6 Rg7 54. Rh8 Kd7 55. a6 bxa6 56. Ra8 Rf7 57. Ra7+ Ke8 58. Rxa6 Rc7 59. Rxd6 c3 60. Rc6 1-0

[Event "FIN-chT 0102"]
[Site "Finland"]
[Date "2002.02.16"]
[Round "7.5"]
[White "Kanko, Ilkka"]
[Black "Lahtinen, Markku"]
[Result "0-1"]
[WhiteElo "2243"]
[BlackElo "2280"]
[PlyCount "70"]
[EventDate "2001.09.21"]
[EventType "team-tourn"]
[EventRounds "9"]
[EventCountry "FIN"]
[SourceTitle "EXT 2022"]
[Source "ChessBase"]
[SourceDate "2021.10.06"]
[SourceVersion "1"]
[SourceVersionDate "2021.10.06"]
[SourceQuality "1"]
[WhiteTeam "Helsinki HSK"]
[BlackTeam "Joensuu SK"]
[WhiteTeamCountry "FIN"]
[BlackTeamCountry "FIN"]

1. d4 Nf6 2. c4 e6 3. Nc3 c5 4. d5 exd5 5. cxd5 d6 6. e4 g6 7. Nf3 Bg7 8. Nd2 0-0 9. Be2 b6 10. 0-0 Re8 11. Qc2 Na6 12. Bb5 Re7 13. Qa4 Nc7 14. Bc6 Rb8 15. e5 Rxe5 16. Nc4 Re7 17. Nxd6 Ba6 18. Ndb5 Bxb5 19. Nxb5 Re4 20. Qxa7 Nxb5 21. Bxb5 Ra8 22. Qb7 Re7 23. Qc6 Rc8 24. d6 Rxc6 25. dxe7 Qa8 26. Bxc6 Qxc6 27. Re1 Ne8 28. Bf4 Bxb2 29. Rad1 Bd4 30. Be3 Bc3 31. Re2 f6 32. Rd8 Kf7 33. Bd2 Be5 34. f4 Bc7 35. Rd3 Qb5 0-1

[Event "Kuopio op"]
[Site "Kuopio"]
[Date "2001.??.??"]
[Round "5"]
[White "Hartio, Ilkka"]
[Black "Lahtinen, Markku"]
[Result "0-1"]
[WhiteElo "2117"]
[BlackElo "2238"]
[PlyCount "64"]
[EventDate "2001.??.??"]
[EventType "swiss"]
[EventRounds "5"]
[EventCountry "FIN"]
[SourceTitle "EXT 2002"]
[Source "ChessBase"]
[SourceDate "2001.11.25"]
[SourceVersion "1"]
[SourceVersionDate "2001.11.25"]
[SourceQuality "1"]

1. e4 c5 2. c3 Nf6 3. e5 Nd5 4. d4 cxd4 5. Nf3 e6 6. cxd4 b6 7. Bd3 Bb4+ 8. Bd2 Be7 9. 0-0 Bb7 10. Nc3 f5 11. exf6 Nxf6 12. Ne5 0-0 13. Qe2 Nc6 14. Nxc6 Bxc6 15. f4 g6 16. Ne4 Nxe4 17. Bxe4 Bxe4 18. Qxe4 Bf6 19. Bb4 Re8 20. Bd6 Rc8 21. Rac1 Rxc1 22. Rxc1 Qa8 23. Qe3 Qd5 24. Be5 Be7 25. f5 d6 26. Bg3 Bf6 27. Bf2 Qxf5 28. h3 Bg5 29. Qc3 Bxc1 30. Qxc1 e5 31. Qc6 Rc8 32. Qd5+ Qf7 0-1

[Event "FIN-ch"]
[Site "Helsinki"]
[Date "2001.??.??"]
[Round "2"]
[White "Lahtinen, Markku"]
[Black "Salimaki, Janne"]
[Result "1-0"]
[WhiteElo "2238"]
[BlackElo "2225"]
[PlyCount "79"]
[EventDate "2001.??.??"]
[EventType "swiss"]
[EventRounds "9"]
[EventCountry "FIN"]
[SourceTitle "EXT 2002"]
[Source "ChessBase"]
[SourceDate "2001.11.25"]
[SourceVersion "1"]
[SourceVersionDate "2001.11.25"]
[SourceQuality "1"]

1. e4 e5 2. Nf3 Nc6 3. Bb5 a6 4. Bxc6 dxc6 5. 0-0 Qd6 6. d3 f6 7. Be3 c5 8. Nbd2 Be6 9. Qe2 Ne7 10. Nb3 b6 11. c3 Qc6 12. Nfd2 Ng6 13. d4 Bxb3 14. axb3 cxd4 15. cxd4 exd4 16. Bxd4 Bb4 17. Nf3 0-0 18. Rac1 Qe6 19. Rxc7 b5 20. Be3 Rfe8 21. Rd1 Ba5 22. Rcd7 Qxe4 23. R7d4 Qe6 24. Qd3 Rad8 25. Ra1 Bc7 26. Qc2 Bb8 27. g3 Rxd4 28. Nxd4 Qh3 29. Qc6 Rc8 30. Qd5+ Kh8 31. Qg2 Qd7 32. Rxa6 Be5 33. Qe4 Bxd4 34. Bxd4 f5 35. Qe3 f4 36. Qe6 Rc1+ 37. Kg2 Qb7+ 38. Kh3 Nf8 39. Qf5 Rc8 40. Ra7 1-0

[Event "Heart of Finland op 10th"]
[Site "Jyvaskyla"]
[Date "2000.07.21"]
[Round "6"]
[White "Parkkinen, Jyrki"]
[Black "Lahtinen, Markku"]
[Result "1/2-1/2"]
[WhiteElo "2143"]
[BlackElo "2230"]
[PlyCount "34"]
[EventDate "2000.07.19"]
[EventType "swiss"]
[EventRounds "9"]
[EventCountry "FIN"]
[SourceTitle "EXT 2001"]
[Source "ChessBase"]
[SourceDate "2000.11.22"]
[SourceVersion "1"]
[SourceVersionDate "2000.11.22"]
[SourceQuality "1"]

1. Nf3 c5 2. g3 e6 3. Bg2 Nf6 4. 0-0 Be7 5. c4 Qc7 6. Nc3 a6 7. b3 0-0 8. Bb2 d6 9. d4 cxd4 10. Nxd4 Rd8 11. Rc1 Nbd7 12. Qd2 Rb8 13. Rfd1 Ne5 14. h3 Bd7 15. Kh2 Be8 16. e3 h5 17. f4 Qb6 1/2-1/2